01449nam a2200349Ia 4500001001200000003000800012006001900020007001500039008004100054010001700095020004200112020002600154040002100180035002100201050002400222082002000246100002000266245014200286260003800428300001700466490002700483504005100510533015200561650006000713650005800773650005100831655002900882710001700911830002800928856012600956999001701082ebr10395011CaPaEBRm u cr cn|||||||||091214s2010 enk sb 001 0 eng d z 2009052485 z9780754674924 (hardback : alk. paper) z9781409404996 (ebook) aCaPaEBRcCaPaEBR a(OCoLC)75479336514aRB155b.E455 2010eb04a616/.0420722221 aElger, Bernice.10aEthical issues of human genetic databasesh[electronic resource] :ba challenge to classical health research ethics? /cby Bernice Elger. aBurlington, VT :bAshgate,c2010. axiii, 318 p.1 aMedical law and ethics aIncludes bibliographical references and index. aElectronic reproduction.bPalo Alto, Calif. :cebrary,d2011.nAvailable via World Wide Web.nAccess may be limited to ebrary affiliated libraries. 0aMedical geneticsxDatabasesxMoral and ethical aspects. 0aHuman geneticsxDatabasesxMoral and ethical aspects. 0aMedicinexResearchxMoral and ethical aspects. 7aElectronic books.2local2 aebrary, Inc. 0aMedical law and ethics.40uhttp://site.ebrary.com/lib/rucke/Doc?id=10395011zAn electronic book accessible through the World Wide Web; click to view c87613d87613